| 000 | 01032cab a2200205 4500 | ||
|---|---|---|---|
| 001 | ABS44545 | ||
| 008 | 090401t1991 xxu||||| |||| 00| 0 eng d | ||
| 035 | _a(Sirsi) u47742 | ||
| 041 | _aeng | ||
| 100 | _aSparkes, P. | ||
| 245 | _aService charge variation clauses | ||
| 260 | _c1991 | ||
| 350 | _a0 | ||
| 490 |
_aRent Review & Lease Renewal _v11(3) Spring 1991, 249-257(9) |
||
| 520 | _aProblems with service charges in the commercial sector may occur where there is a variation clause as part of the lease. These clauses give a landlord license to redefine the range of services provided or change the method of charge calculation, and disputes naturally arise. The article discusses the sources of conflict: variations of service, property covered, charge levied, tenants` share and argues in conclusion, for legislation to introduce the practice currently employed in residential flat leases . | ||
| 650 | _aBUSINESS TENANCIES | ||
| 690 | _aLANDLORD AND TENANT-BUSINESS TENANCIES | ||
| 942 | _n0 | ||
| 948 | _c04/03/1997 | ||
| 999 |
_c30080 _d30080 |
||